Haltestellen Quiz der S2 Rostock - Statistiken

Allgemein
  • Dieses Quiz wurde 15 mal gespielt
  • Das Durchschnittsergebnis liegt bei 13 aus 17
Antwortstatistiken
Anzahl an Haltestellen: Haltestellen: % Korrekt
3. R. Lichtenhagen
100%
17. Güstrow
89%
7. R. Bramow
89%
5. R. Evershagen
89%
8. R. Holbeinplatz
89%
4. R. Lütten Klein
89%
6. R. Marienehe
89%
10 Rostock Hauptbahnhof
89%
9. R. Parkstraße
89%
2. R. Warnemünde Werft
89%
14. Schwaan
89%
1. Warnemünde
89%
15. Mistorf
56%
11. Papendorf
56%
12. Pölchow
56%
13. Huckstorf
44%
16. Lüssow (Mecklenburg-Vorpommern)
44%
Keine übereinstimmenden Quizze gefunden
Verteilung der Resultate
Anzahl Personen mit jedem Resultat
Perzentil nach korrekt beantworteten Fragen
Ihre Resultats-Entwicklung
Sie haben dieses Quiz noch nicht gespielt